[Event "Skakligaen 2019-20"]
[Site "Denmark"]
[Date "2020.09.05"]
[Round "8.8"]
[White "Larsen, Jonas Chul Bistrup"]
[Black "Jorgensen, Brian Jorgen"]
[Result "0-1"]
[WhiteElo "1729"]
[BlackElo "2219"]
[EventDate "2019.11.23"]
[EventType "team-tourn"]
[EventRounds "9"]
[EventCountry "Denmark"]
[WhiteTeam "Skanderborg"]
[BlackTeam "OBRO"]
[WhiteTeamCountry "DEN"]
[BlackTeamCountry "DEN"]
[WhiteFideId "1470728"]
[BlackFideId "1401548"]

1. d4 d6 2. e4 Nf6 3. Bd3 e5 4. c3 Nbd7 5. Ne2 c6 6. O-O g6 7. Ng3 Bg7 8. Nd2 O-O 9. Nb3 a5 10. a4 d5 11. Be3 Nxe4 12. Bxe4 dxe4 13. Nxe4 f5 14. Ng5 Qe7 15. dxe5 f4 16. e6 fxe3 17. exd7 e2 18. dxc8=N Raxc8 19. Qc1 exf1=Q+ 20. Kxf1 Bh6 21. h4 Bxg5 22. Qxg5 Qxg5 23. hxg5 Rf5 24. Rd1 Rcf8 25. f3 Rxg5 26. Rd7 Rf7 27. Rd8+ Kg7 28. Nd4 Rd5 29. Re8 c5 30. Ne6+ Kf6 31. Nf4 Rd2 32. Rc8 Ke5 33. Ne2 Kd6 34. Ng3 Rxb2 35. Ne4+ Ke5 36. Rxc5+ Kf4 37. Rxa5 Ke3 38. Kg1 Rf5 39. Ra8 Rh5 40. Ng3 Rb1+ 41. Nf1+ Rxf1+  0-1

[Event "Skakligaen 2019-20"]
[Site "Denmark"]
[Date "2020.09.05"]
[Round "8.1"]
[White "Jacobsen, Mikkel Manosri"]
[Black "Thybo, Jesper Sondergaard"]
[Result "0-1"]
[WhiteElo "2330"]
[BlackElo "2574"]
[EventDate "2019.11.23"]
[EventType "team-tourn"]
[EventRounds "9"]
[EventCountry "Denmark"]
[WhiteTeam "BMS"]
[BlackTeam "Jetsmark"]
[WhiteTeamCountry "DEN"]
[BlackTeamCountry "DEN"]
[WhiteFideId "1444514"]
[BlackFideId "1438832"]

1. Nf3 c5 2. e3 Nf6 3. d4 g6 4. Be2 Bg7 5. O-O O-O 6. Nbd2 cxd4 7. exd4 b6 8. Re1 Bb7 9. Bf1 d6 10. c3 Nbd7 11. a4 a6 12. b4 e5 13. dxe5 dxe5 14. Bb2 Qc7 15. a5 e4 16. Nd4 h5 17. h3 Rfe8 18. Qb3 Bh6 19. axb6 Nxb6 20. Nc4 Bd5 21. Nxb6 Bxb3 22. Nxa8 Rxa8 23. Nxb3 e3 24. Nc5 Rd8 25. Bc1 exf2+ 26. Kxf2 Bd2 27. Bxd2 Rxd2+ 28. Re2 Qf4+ 29. Kg1 Rxe2 30. Bxe2 Qe3+ 31. Kf1 Nd5 32. Rxa6 Nxc3 33. Bd3 Nd1 34. Ra2 Qc1 35. Re2 Qf4+ 36. Ke1 Nb2 37. Be4 f5 38. Bd5+ Kh7 39. Rc2 Qe3+ 40. Re2 Qg1+ 41. Kd2 Qd1+  0-1

[Event "Skakligaen 2019-20"]
[Site "Denmark"]
[Date "2020.09.05"]
[Round "8.2"]
[White "Rasmussen, Allan Stig"]
[Black "Haubro, Martin"]
[Result "1-0"]
[WhiteElo "2559"]
[BlackElo "2358"]
[EventDate "2019.11.23"]
[EventType "team-tourn"]
[EventRounds "9"]
[EventCountry "Denmark"]
[WhiteTeam "Jetsmark"]
[BlackTeam "BMS"]
[WhiteTeamCountry "DEN"]
[BlackTeamCountry "DEN"]
[WhiteFideId "1406000"]
[BlackFideId "1414291"]

1. e4 e5 2. Nf3 Nc6 3. Bb5 Nf6 4. d3 Bc5 5. c3 d6 6. O-O a6 7. Bxc6+ bxc6 8. d4 Ba7 9. dxe5 Nxe4 10. Qa4 Nc5 11. Qc2 Bg4 12. Nd4 dxe5 13. Nxc6 Qd3 14. Qd2 Qxd2 15. Bxd2 Nd3 16. Nxa7 Rxa7 17. f3 Bf5 18. b3 O-O 19. c4 c6 20. Ba5 e4 21. fxe4 Bxe4 22. Nc3 Bg6 23. Rad1 Re8 24. Rd2 Rae7 25. Bb6 Re1 26. Bf2 Rxf1+ 27. Kxf1 f6 28. Na4 Re5 29. Bg3 Re7 30. Re2 Kf7 31. Rxe7+ Kxe7 32. Nc3 Kd7 33. Ke2 c5 34. Kd2 Nb4 35. a3 Nd3 36. Nd5 Be4 37. Ke3 Bxd5 38. cxd5 Ne5 39. Ke4 Nf7 40. Kd3 Nd6 41. Bf2 Nb7 42. Be1 Nd6 43. Bf2 Nb7 44. Be1 Nd6 45. Bc3 Nb5 46. Bd2 Kd6 47. a4 Kxd5 48. axb5 axb5 49. Ke3 Ke5 50. g4 Kd5 51. Bc1 Ke5 52. Bb2+ Kd5 53. h3 Kd6 54. Ke4 Ke6 55. Bc1 Kd6 56. Be3 Kc6 57. Bf4 c4 58. b4  1-0

[Event "Skakligaen 2019-20"]
[Site "Denmark"]
[Date "2020.09.05"]
[Round "8.3"]
[White "Sahl, Bjarke"]
[Black "Thogersen, Rasmus"]
[Result "1-0"]
[WhiteElo "2326"]
[BlackElo "2248"]
[EventDate "2019.11.23"]
[EventType "team-tourn"]
[EventRounds "9"]
[EventCountry "Denmark"]
[WhiteTeam "BMS"]
[BlackTeam "Jetsmark"]
[WhiteTeamCountry "DEN"]
[BlackTeamCountry "DEN"]
[WhiteFideId "1400231"]
[BlackFideId "1431412"]

1. e4 e6 2. d4 d5 3. e5 c5 4. c3 Nc6 5. Nf3 Bd7 6. a3 c4 7. g3 f6 8. exf6 Nxf6 9. Ne5 Nxe5 10. dxe5 Ne4 11. Be3 Qc7 12. Bd4 Be7 13. Nd2 Nc5 14. Be2 Ba4 15. Qb1 O-O-O 16. O-O Kb8 17. Bd1 Bxd1 18. Qxd1 Nd3 19. b3 Bc5 20. Bxc5 Qxc5 21. Nf3 Qc7 22. Qe2 Rhf8 23. Nd4 Rde8 24. bxc4 Nxe5 25. cxd5 exd5 26. Qb5 Qxc3 27. Rab1 Re7 28. Rb4 Rd8 29. Rfb1 Ka8 30. Qa5 Qc8 31. Rb5 Nc6 32. Nxc6 bxc6 33. Rc5 Qc7 34. Qa4 Re6 35. Rbc1 Rdd6 36. Qd4 Qd7 37. Qd3 h5 38. h4 g6 39. a4 d4 40. Rb1 Rd5 41. Qb3 Re1+ 42. Rxe1 Rxc5 43. Qb4 Rf5 44. Re7 a5 45. Qe1 Qd6 46. Re6 Qb4 47. Qe4 Rf7 48. Qxc6+ Rb7 49. Qa6+ Kb8 50. Re8+ Kc7 51. Qe6  1-0

[Event "Skakligaen 2019-20"]
[Site "Denmark"]
[Date "2020.09.05"]
[Round "8.4"]
[White "Heimisson, Hilmir Freyr"]
[Black "Vesterli, Michael E"]
[Result "1-0"]
[WhiteElo "2234"]
[BlackElo "2234"]
[EventDate "2019.11.23"]
[EventType "team-tourn"]
[EventRounds "9"]
[EventCountry "Denmark"]
[WhiteTeam "Jetsmark"]
[BlackTeam "BMS"]
[WhiteTeamCountry "DEN"]
[BlackTeamCountry "DEN"]
[WhiteFideId "2309998"]
[BlackFideId "1417339"]

1. Nc3 d5 2. d4 Nf6 3. Bf4 g6 4. e3 Bg7 5. h4 h5 6. Nf3 O-O 7. Be2 c5 8. Ne5 Nc6 9. Qd2 Bf5 10. f3 Nb4 11. Bd1 Rc8 12. g4 Be6 13. Ne2 hxg4 14. Ng3 gxf3 15. h5 g5 16. h6 gxf4 17. hxg7 Kxg7 18. exf4 Rh8 19. Rg1 f2+ 20. Qxf2 cxd4 21. f5 Bd7 22. Qd2 Nc6 23. Nh5+ Kf8 24. Qg5 Qa5+ 25. c3 Ke8 26. Nxf6+ exf6 27. Qxf6 Rf8 28. Nxf7 Bxf5 29. Qxf5 Qc7 30. Qxc8+  1-0

[Event "Skakligaen 2019-20"]
[Site "Denmark"]
[Date "2020.09.05"]
[Round "8.5"]
[White "Seegert, Kristian"]
[Black "Rosenkilde, Alexander"]
[Result "1/2-1/2"]
[WhiteElo "2234"]
[BlackElo "2252"]
[EventDate "2019.11.23"]
[EventType "team-tourn"]
[EventRounds "9"]
[EventCountry "Denmark"]
[WhiteTeam "BMS"]
[BlackTeam "Jetsmark"]
[WhiteTeamCountry "DEN"]
[BlackTeamCountry "DEN"]
[WhiteFideId "1405098"]
[BlackFideId "1408488"]

1. e4 c5 2. Nf3 d6 3. d4 cxd4 4. Nxd4 Nf6 5. Nc3 a6 6. Bg5 e6 7. f4 Be7 8. Qf3 Qc7 9. O-O-O O-O 10. g4 b5 11. Bxf6 Bxf6 12. g5 Bxd4 13. Rxd4 Nc6 14. Rd1 b4 15. Ne2 Bb7 16. Kb1 a5 17. Nd4 Nxd4 18. Rxd4 Qc5 19. Qd3 e5 20. Rxd6 Bxe4 21. Qxe4 Qxd6 22. Bd3 g6 23. fxe5 Qe7 24. h4 Rfe8 25. Re1 a4 26. Bb5 Red8 27. e6 Qxe6 28. Qxb4 Qd6 29. a3 Qxb4 30. axb4 Rd4 31. c3 Rxh4 32. Bc6 Ra6 33. b5 Rb6 34. Re5 f5 35. Bd5+ Kf8 36. c4 f4 37. Re4 Rg4 38. Ka2 Rxg5 39. Rxf4+ Ke7 40. Rf7+ Kd6 41. Rxh7 Rxd5 42. cxd5 Kxd5 43. Ka3 Rxb5 44. Rg7 Rb3+ 45. Kxa4 Rxb2  1/2-1/2

[Event "Skakligaen 2019-20"]
[Site "Denmark"]
[Date "2020.09.05"]
[Round "8.6"]
[White "Jensen, Bjarke"]
[Black "Akdag, Dara Sevkan"]
[Result "1-0"]
[WhiteElo "2328"]
[BlackElo "2209"]
[EventDate "2019.11.23"]
[EventType "team-tourn"]
[EventRounds "9"]
[EventCountry "Denmark"]
[WhiteTeam "Jetsmark"]
[BlackTeam "BMS"]
[WhiteTeamCountry "DEN"]
[BlackTeamCountry "DEN"]
[WhiteFideId "1403702"]
[BlackFideId "1413406"]

1. e4 c5 2. Nf3 d6 3. Bc4 Nc6 4. O-O Nf6 5. Re1 e6 6. Bb3 b5 7. c3 Bb7 8. d4 cxd4 9. cxd4 Na5 10. Bc2 Be7 11. Nbd2 Rc8 12. Bd3 a6 13. Qe2 Qb6 14. e5 dxe5 15. dxe5 Nd5 16. Ne4 O-O 17. Nfg5 g6 18. Qg4 h5 19. Qg3 Nb4 20. Be3 Qc6 21. Bf1 Nc4 22. Nf6+ Bxf6 23. exf6 Nc2 24. Bxc4 bxc4 25. Nf3 Nxe1 26. Rxe1 Rfd8 27. Qg5 Qd6 28. Ne5 Qb4 29. Kf1 Rd5 30. Qf4 Qd6 31. Nxg6 fxg6 32. Qh6 Qf8 33. Qxg6+ Kh8 34. Bh6 Rd7 35. Bxf8 Rxf8 36. Qh6+ Kg8 37. Re5  1-0

[Event "Skakligaen 2019-20"]
[Site "Denmark"]
[Date "2020.09.05"]
[Round "8.7"]
[White "Brorsen, Jacob Abildlund"]
[Black "Christensen, Stefan"]
[Result "0-1"]
[WhiteElo "2164"]
[BlackElo "2248"]
[EventDate "2019.11.23"]
[EventType "team-tourn"]
[EventRounds "9"]
[EventCountry "Denmark"]
[WhiteTeam "BMS"]
[BlackTeam "Jetsmark"]
[WhiteTeamCountry "DEN"]
[BlackTeamCountry "DEN"]
[WhiteFideId "1411233"]
[BlackFideId "1404148"]

1. d4 Nf6 2. c4 e6 3. Nf3 b6 4. g3 Bb7 5. Bg2 Be7 6. O-O O-O 7. Nc3 Ne4 8. Qc2 Nxc3 9. Qxc3 c5 10. Rd1 Bf6 11. Qd3 d5 12. dxc5 bxc5 13. Bf4 Qe7 14. cxd5 exd5 15. Rac1 Na6 16. h4 Bxb2 17. Ng5 g6 18. Rb1 c4 19. Qc2 c3 20. Rxb2 cxb2 21. Qxb2 Nc5 22. h5 Rad8 23. Nf3 Ne6 24. Bh6 Rfe8 25. Bh3 f5 26. g4 d4 27. gxf5 gxf5 28. Bxf5 Bxf3 29. exf3 Qf6 30. Bxe6+ Rxe6 31. Bd2 Qxf3 32. Qb3 Qxb3 33. axb3 d3 34. Be3 Ra6 35. Kg2 Ra3 36. b4 a6 37. Kf3 Rb3 38. Bc5 Re8 39. h6 Kf7 40. Kf4 Re6 41. Kf3 Kg6 42. Kf4 Rf6+ 43. Ke5 Rf5+ 44. Ke4 Rh5 45. Ra1 Rxh6 46. Rxa6+ Kh5 47. Ra1 Kg6 48. Ra6+ Kh5 49. Ra1 Rf6 50. Rg1 Rf7 51. Ke3 Rd7 52. Rd1 Kg4 53. Ke4 d2 54. f4 h5 55. f5 h4 56. f6 h3 57. f7 Rxf7 58. Rxd2 Rh7 59. Rh2 Rh6 60. Rh1 h2 61. Kd5 Kg3 62. Bd6+ Rxd6+ 63. Kxd6 Rxb4 64. Ke5 Kg2  0-1

[Event "Skakligaen 2019-20"]
[Site "Denmark"]
[Date "2020.09.05"]
[Round "8.8"]
[White "Rathlev, Jakob"]
[Black "Nielsen, Thomas Bach"]
[Result "1-0"]
[WhiteElo "2233"]
[BlackElo "2119"]
[EventDate "2019.11.23"]
[EventType "team-tourn"]
[EventRounds "9"]
[EventCountry "Denmark"]
[WhiteTeam "Jetsmark"]
[BlackTeam "BMS"]
[WhiteTeamCountry "DEN"]
[BlackTeamCountry "DEN"]
[WhiteFideId "1405284"]
[BlackFideId "1401785"]

1. c4 f5 2. g3 Nf6 3. Bg2 g6 4. Nc3 Bg7 5. e3 e5 6. Nge2 d6 7. O-O O-O 8. d4 c6 9. Qb3 e4 10. Bd2 Nbd7 11. a4 Qe7 12. a5 Qf7 13. f3 exf3 14. Bxf3 Bh6 15. Rae1 Rb8 16. Bc1 b5 17. axb6 Rxb6 18. Qa3 Qe7 19. e4 Bxc1 20. Nxc1 fxe4 21. Nxe4 Nxe4 22. Rxe4 Qg5 23. Nd3 Nf6 24. Rf4 Ba6 25. c5 dxc5 26. dxc5 Bxd3 27. cxb6 Bxf1 28. bxa7 Ra8 29. Qb3+ Nd5 30. Qb7 Nxf4 31. Qxa8+ Kg7 32. Qxc6 Nh3+ 33. Kxf1 Qe3 34. Qc3+  1-0

[Event "Skakligaen 2019-20"]
[Site "Denmark"]
[Date "2020.09.05"]
[Round "8.1"]
[White "Hector, Jonny"]
[Black "Baekgaard, Martin"]
[Result "1-0"]
[WhiteElo "2478"]
[BlackElo "2299"]
[EventDate "2019.11.23"]
[EventType "team-tourn"]
[EventRounds "9"]
[EventCountry "Denmark"]
[WhiteTeam "Nordkalotten"]
[BlackTeam "Nordre"]
[WhiteTeamCountry "DEN"]
[BlackTeamCountry "DEN"]
[WhiteFideId "1700090"]
[BlackFideId "1405586"]

1. e4 e5 2. Nf3 Nc6 3. d4 exd4 4. Nxd4 Nf6 5. Nc3 Bb4 6. Nxc6 bxc6 7. Bd3 d5 8. exd5 O-O 9. O-O cxd5 10. h3 Be6 11. Qf3 c6 12. Bg5 Rb8 13. Ne2 h6 14. Be3 Be7 15. b3 c5 16. c3 Re8 17. Rad1 Qa5 18. Bb1 Rbd8 19. Bf4 Qb6 20. Be5 Nd7 21. Qd3 g6 22. Bf4 Bf8 23. Qg3 Qb7 24. Be3 Bg7 25. Nf4 Qc6 26. b4 cxb4 27. cxb4 Qb7 28. Bd4 Nf6 29. Qc3 Qe7 30. Rfe1 g5 31. Nxe6 fxe6 32. Bg6 Rf8 33. Bf5 Ne4 34. Bxe4 dxe4 35. Bxg7 Qxg7 36. Qe3 Rxd1 37. Rxd1 Qb2 38. a3 Rf7 39. Rd4 Qb1+ 40. Kh2 e5 41. Rxe4 Rxf2 42. Rxe5 Rf7 43. Re8+ Kh7 44. Re7  1-0

[Event "Skakligaen 2019-20"]
[Site "Denmark"]
[Date "2020.09.05"]
[Round "8.2"]
[White "Petersen, Tom Petri"]
[Black "Jepson, Christian"]
[Result "1/2-1/2"]
[WhiteElo "2309"]
[BlackElo "2383"]
[EventDate "2019.11.23"]
[EventType "team-tourn"]
[EventRounds "9"]
[EventCountry "Denmark"]
[WhiteTeam "Nordre"]
[BlackTeam "Nordkalotten"]
[WhiteTeamCountry "DEN"]
[BlackTeamCountry "DEN"]
[WhiteFideId "1403486"]
[BlackFideId "1701185"]

1. d4 Nf6 2. Nf3 d6 3. Bf4 Nh5 4. Bd2 g6 5. g3 Bg7 6. Qc1 Nc6 7. c3 e5 8. dxe5 dxe5 9. Bh6 e4 10. Bxg7 Nxg7 11. Ng5 f5 12. f4 Qe7 13. Nd2 h6 14. Nh3 Be6 15. e3 Qc5 16. Nb3 Qb6 17. Nd4 Bd5 18. Ng1 O-O 19. Nge2 Ne7 20. c4 Bf7 21. Kf2 Ne6 22. Nxe6 Qxe6 23. Nd4 Qf6 24. Be2 g5 25. h4 gxf4 26. gxf4 Rad8 27. Qc3 Kh7 28. Nb5 Qxc3 29. Nxc3 Rd2 30. b3 Rfd8 31. Rad1 c6 32. Rxd2 Rxd2 33. Rd1 Rxd1 34. Bxd1 Kg7 35. c5 Kf6 36. b4 Bc4 37. a3 Ke6 38. Bh5 Kf6 39. Bd1 Ke6 40. Bh5 Kf6 41. Bd1  1/2-1/2

[Event "Skakligaen 2019-20"]
[Site "Denmark"]
[Date "2020.09.05"]
[Round "8.3"]
[White "Brynell, Stellan"]
[Black "Sloth, Jorn"]
[Result "1-0"]
[WhiteElo "2412"]
[BlackElo "2313"]
[EventDate "2019.11.23"]
[EventType "team-tourn"]
[EventRounds "9"]
[EventCountry "Denmark"]
[WhiteTeam "Nordkalotten"]
[BlackTeam "Nordre"]
[WhiteTeamCountry "DEN"]
[BlackTeamCountry "DEN"]
[WhiteFideId "1700219"]
[BlackFideId "1400240"]

1. d4 Nf6 2. Nf3 e6 3. c4 Nc6 4. g3 Bb4+ 5. Bd2 a5 6. Bg2 d5 7. Qc2 dxc4 8. Qxc4 Qd5 9. Qd3 Qf5 10. Qxf5 exf5 11. O-O Bxd2 12. Nbxd2 Be6 13. Rfc1 O-O-O 14. e3 Bd5 15. a3 Ne4 16. Rc2 Kb8 17. Rac1 Rhe8 18. Ne1 Nxd2 19. Rxd2 Ne7 20. Rdc2 Bxg2 21. Nxg2 Rd7 22. Nf4 b6 23. Kg2 c6 24. Nd3 f6 25. Nf4 Rd6 26. Kf3 Kb7 27. h3 Red8 28. g4 R8d7 29. Nh5 g6 30. Ng3 Rd5 31. gxf5 Nxf5 32. Rxc6 Nxg3 33. Kxg3 Rb5 34. R6c2 Rg5+ 35. Kh2 Rf5 36. Rd2 Re5 37. Rc3 Rc5 38. Rdc2 Rb5 39. Rc4 Rb3 40. Kg2 Rb5 41. a4 Rg5+ 42. Kh2 Rf5 43. Rc6 Rxf2+ 44. Rxf2 Kxc6 45. Rxf6+ Kd5 46. Kg3 Rb7 47. b3 b5 48. Ra6 Ke4 49. Rxa5 Kxe3 50. Rxb5 Rf7 51. d5 Rf3+ 52. Kg4 Rf4+ 53. Kg5 Rf5+ 54. Kh6 Rh5+ 55. Kg7 Rxh3 56. d6 Ke4 57. Kf7  1-0

[Event "Skakligaen 2019-20"]
[Site "Denmark"]
[Date "2020.09.05"]
[Round "8.4"]
[White "Christensen, Jan Schleicher"]
[Black "Hove, Esben Kjems"]
[Result "0-1"]
[WhiteElo "2177"]
[BlackElo "2323"]
[EventDate "2019.11.23"]
[EventType "team-tourn"]
[EventRounds "9"]
[EventCountry "Denmark"]
[WhiteTeam "Nordre"]
[BlackTeam "Nordkalotten"]
[WhiteTeamCountry "DEN"]
[BlackTeamCountry "DEN"]
[WhiteFideId "1400916"]
[BlackFideId "1401505"]

1. d4 d5 2. c4 c6 3. Nf3 Nf6 4. Nc3 dxc4 5. a4 Bf5 6. Ne5 Nbd7 7. Nxc4 Qc7 8. g3 e5 9. dxe5 Nxe5 10. Bf4 Nfd7 11. Bg2 f6 12. O-O Be6 13. Nxe5 fxe5 14. Bg5 h6 15. Be3 Nf6 16. Qc2 Bb4 17. a5 a6 18. Qa4 Qe7 19. Rfd1 O-O 20. Na2 Bc5 21. Bxc5 Qxc5 22. Rac1 Qb5 23. Qa3 Qxe2 24. Nc3 Qh5 25. Qe7 Bh3 26. Rd2 Rf7 27. Qc5 Raf8 28. Re1 Bxg2 29. Rxe5 Qh3 30. f4 Bf3  0-1

[Event "Skakligaen 2019-20"]
[Site "Denmark"]
[Date "2020.09.05"]
[Round "8.5"]
[White "Sylvan, Jacob"]
[Black "Klitgaard, Thomas"]
[Result "1/2-1/2"]
[WhiteElo "2323"]
[BlackElo "2173"]
[EventDate "2019.11.23"]
[EventType "team-tourn"]
[EventRounds "9"]
[EventCountry "Denmark"]
[WhiteTeam "Nordkalotten"]
[BlackTeam "Nordre"]
[WhiteTeamCountry "DEN"]
[BlackTeamCountry "DEN"]
[WhiteFideId "1402137"]
[BlackFideId "1408267"]

1. c4 e6 2. g3 d5 3. Nf3 dxc4 4. Qa4+ Bd7 5. Qxc4 c5 6. Ne5 Nc6 7. Nxd7 Qxd7 8. Bg2 Nf6 9. O-O Be7 10. Qa4 Nd4 11. Qxd7+ Kxd7 12. Nc3 Nd5 13. Nxd5 Nxe2+ 14. Kh1 exd5 15. Bxd5 Bf6 16. Bxb7 Rab8 17. Ba6 Nxc1 18. Raxc1 Rxb2 19. Rxc5 Rhb8 20. a4 Rb1 21. Kg2 Rxf1 22. Kxf1 Kd6 23. Rc2 Rb2 24. Bd3 h6 25. Ke2 Rxc2 26. Bxc2 Bd4 27. Bb3 f6 28. f3 a5 29. f4 Bc5 30. Kf3 Bb4 31. d4 Ba3 32. Ke4 Bb4 33. Bf7 Ba3 34. Bg8 Bb4 35. Bc4 Ba3 36. Kf5 Ke7 37. Kg6 Kf8 38. Be6 Bb2 39. d5 Ba3 40. Bd7 Bb4 41. Bc6 Ba3 42. h4 Bd6 43. Bb5 Bb4 44. g4 Bd6 45. h5 Bb4 46. g5 fxg5 47. fxg5 hxg5 48. Kxg5 Ke7 49. Kg6 Bc3 50. Bc6  1/2-1/2

[Event "Skakligaen 2019-20"]
[Site "Denmark"]
[Date "2020.09.05"]
[Round "8.6"]
[White "Holst, Per"]
[Black "Kristensen, Kaare Hove"]
[Result "0-1"]
[WhiteElo "2153"]
[BlackElo "2345"]
[EventDate "2019.11.23"]
[EventType "team-tourn"]
[EventRounds "9"]
[EventCountry "Denmark"]
[WhiteTeam "Nordre"]
[BlackTeam "Nordkalotten"]
[WhiteTeamCountry "DEN"]
[BlackTeamCountry "DEN"]
[WhiteFideId "1405411"]
[BlackFideId "1400940"]

1. d4 Nf6 2. c4 b6 3. Nf3 Bb7 4. g3 g6 5. Bg2 Bg7 6. O-O O-O 7. Re1 e6 8. Nc3 Ne4 9. Qd3 Nxc3 10. Qxc3 c5 11. Qd3 cxd4 12. Nxd4 Bxg2 13. Kxg2 d5 14. Nf3 dxc4 15. Qxc4 Nd7 16. Bg5 Qc8 17. Qb3 Nc5 18. Qc2 Qb7 19. Rac1 Rac8 20. Be3 e5 21. Qb1 e4 22. Nd2 f5 23. Kg1 Na4 24. Nc4 Qa6 25. b3 Nc3 26. Qb2 Nxa2 27. Bd4 Bxd4 28. Qxd4 Nxc1 29. Qd5+ Rf7 30. Ne5 Rcc7 31. Nxf7 Nxe2+ 32. Kg2 Rxf7 33. Qd8+ Kg7 34. Qd2 f4  0-1

[Event "Skakligaen 2019-20"]
[Site "Denmark"]
[Date "2020.09.05"]
[Round "8.7"]
[White "Jakobsen, Peter"]
[Black "Hoiberg, Nina"]
[Result "1/2-1/2"]
[WhiteElo "2211"]
[BlackElo "2187"]
[EventDate "2019.11.23"]
[EventType "team-tourn"]
[EventRounds "9"]
[EventCountry "Denmark"]
[WhiteTeam "Nordkalotten"]
[BlackTeam "Nordre"]
[WhiteTeamCountry "DEN"]
[BlackTeamCountry "DEN"]
[WhiteFideId "1401440"]
[BlackFideId "1400720"]

1. d4 d6 2. c4 e5 3. Nc3 exd4 4. Qxd4 Nc6 5. Qd2 Nf6 6. e4 Qe7 7. f3 g6 8. b3 Bg7 9. Bb2 Be6 10. Bd3 Ne5 11. Nge2 Bh6 12. Qd1 Nh5 13. O-O Be3+ 14. Kh1 Qh4 15. g3 Qh3 16. Nd5 Bxd5 17. cxd5 O-O 18. Bc2 g5 19. Qe1 f6 20. Ng1 Bxg1 21. Kxg1 g4 22. fxg4 Nxg4 23. Qe2 Nxg3 24. hxg3 Qxg3+ 25. Kh1 Qh3+ 26. Kg1 Qg3+ 27. Kh1 Qh3+  1/2-1/2

[Event "Skakligaen 2019-20"]
[Site "Denmark"]
[Date "2020.09.05"]
[Round "8.8"]
[White "Rewitz, Jan"]
[Black "Nielsen, Lars Aaes"]
[Result "1-0"]
[WhiteElo "2094"]
[BlackElo "2221"]
[EventDate "2019.11.23"]
[EventType "team-tourn"]
[EventRounds "9"]
[EventCountry "Denmark"]
[WhiteTeam "Nordre"]
[BlackTeam "Nordkalotten"]
[WhiteTeamCountry "DEN"]
[BlackTeamCountry "DEN"]
[WhiteFideId "1413635"]
[BlackFideId "1401726"]

1. d4 e6 2. c4 b6 3. e4 Bb7 4. d5 Qh4 5. Bd3 f5 6. Nf3 Qg4 7. O-O fxe4 8. h3 Qg6 9. Bc2 Nf6 10. Nc3 Bb4 11. Nxe4 Nxe4 12. a3 Be7 13. Re1 exd5 14. cxd5 Qd6 15. Bxe4 O-O 16. Ne5 Qf6 17. Ng4 Qd6 18. Qd3 g6 19. Bh6 Re8 20. Qd4  1-0

[Event "Skakligaen 2019-20"]
[Site "Denmark"]
[Date "2020.09.06"]
[Round "9.1"]
[White "Berkes, Ferenc"]
[Black "Hector, Jonny"]
[Result "1-0"]
[WhiteElo "2647"]
[BlackElo "2478"]
[EventDate "2019.11.23"]
[EventType "team-tourn"]
[EventRounds "9"]
[EventCountry "Denmark"]
[WhiteTeam "Koge"]
[BlackTeam "Nordkalotten"]
[WhiteTeamCountry "DEN"]
[BlackTeamCountry "DEN"]
[WhiteFideId "718572"]
[BlackFideId "1700090"]

1. d4 d5 2. Nf3 Nf6 3. Bf4 c5 4. e3 Nc6 5. Nbd2 cxd4 6. exd4 Bf5 7. Bb5 g6 8. Ne5 Qb6 9. c4 Bg7 10. Qa4 O-O 11. c5 Qd8 12. Nxc6 bxc6 13. Bxc6 Nh5 14. Be3 Rb8 15. Nb3 Bc2 16. O-O e5 17. Rfc1 Bxb3 18. axb3 e4 19. Bd7 Ra8 20. c6 Nf6 21. Bg5 Qc7 22. Qa5 Qxa5 23. Rxa5 Nxd7 24. cxd7 Bxd4 25. Rxd5 Bb6 26. Rc6 Kg7 27. Bf6+ Kh6 28. g4 e3 29. fxe3 Bxe3+ 30. Kg2  1-0

[Event "Skakligaen 2019-20"]
[Site "Denmark"]
[Date "2020.09.06"]
[Round "9.2"]
[White "Jepson, Christian"]
[Black "Rozentalis, Eduardas"]
[Result "1/2-1/2"]
[WhiteElo "2383"]
[BlackElo "2547"]
[EventDate "2019.11.23"]
[EventType "team-tourn"]
[EventRounds "9"]
[EventCountry "Denmark"]
[WhiteTeam "Nordkalotten"]
[BlackTeam "Koge"]
[WhiteTeamCountry "DEN"]
[BlackTeamCountry "DEN"]
[WhiteFideId "1701185"]
[BlackFideId "12800023"]

1. d4 Nf6 2. c4 e6 3. Nc3 Bb4 4. e3 b6 5. Bd3 Bb7 6. Nf3 O-O 7. O-O Re8 8. Bd2 d6 9. a3 Bxc3 10. Bxc3 Nbd7 11. Nd2 c5 12. Re1 Rc8 13. Rc1 d5 14. b3 Qe7 15. Bb2 h6 16. Bf1 Rcd8 17. Qc2 Rc8 18. Qd1 Red8 19. Qf3 Nf8 20. Qg3 Ng6 21. Be2 cxd4 22. exd4 dxc4 23. bxc4 Qc7 24. Qxc7 Rxc7 25. a4 Ne7 26. a5 bxa5 27. Ra1 Nc6 28. Nb3 Ba6 29. Nc5 Bc8 30. Bc3 Nd7 31. Nb3 Nb6 32. c5 Nd5 33. Bxa5 Nxa5 34. Rxa5 Bd7 35. Bc4 Rb8 36. Nd2 Ne7 37. Rea1 Nc6 38. R5a4 Rb2 39. Nf3 Nxd4 40. Nxd4 Bxa4 41. Rxa4 Rb1+ 42. Bf1 Rxc5 43. Ne2 a5 44. g3 g5 45. Kg2 Rb2 46. Ra3 Rf5 47. g4 Rd5 48. h3 Kf8 49. Nc3 Rdd2 50. Be2 a4 51. Nxa4 Rxe2 52. Nxb2 Rxb2 53. Ra7 Rb3 54. Rc7 Kg7 55. Ra7 Rb4 56. Kg3 h5 57. Rc7 Rf4 58. Ra7 Kf6 59. Rb7 h4+ 60. Kg2 Ra4 61. Rc7 Ra8 62. Rb7 Re8 63. Kf3 Re7 64. Rb5 Rd7 65. Ra5 Kg6 66. Rb5 f6 67. Rb6 Kf7 68. Ra6 Ke7 69. Rb6 Rc7 70. Ra6 Kd7 71. Rb6 Rc6 72. Rb7+ Kd6 73. Rb5 Rc5 74. Rb6+ Ke5 75. Ra6 Rc3+ 76. Kg2 Rd3 77. Ra5+ Rd5 78. Ra6 f5 79. gxf5 exf5 80. Rg6 Kf4 81. Rf6 Rd8 82. Rh6 Rg8 83. Rh7 Rg6 84. Rh8 Rg7 85. Rh5 Ke5 86. Rh6 Rg8 87. Rh5 Rg7 88. Rh6 Rg8 89. Rh5 Kf6 90. f4 gxf4+ 91. Kf2 Ke5 92. Rxh4 Ke4 93. Rh7 f3 94. Rh4+ f4 95. Rg4 Rh8 96. Rg7 Rxh3 97. Re7+ Kf5 98. Rf7+ Kg5 99. Rg7+ Kf6 100. Rg8  1/2-1/2

[Event "Skakligaen 2019-20"]
[Site "Denmark"]
[Date "2020.09.06"]
[Round "9.3"]
[White "Chatalbashev, Boris"]
[Black "Brynell, Stellan"]
[Result "1-0"]
[WhiteElo "2530"]
[BlackElo "2412"]
[EventDate "2019.11.23"]
[EventType "team-tourn"]
[EventRounds "9"]
[EventCountry "Denmark"]
[WhiteTeam "Koge"]
[BlackTeam "Nordkalotten"]
[WhiteTeamCountry "DEN"]
[BlackTeamCountry "DEN"]
[WhiteFideId "2900440"]
[BlackFideId "1700219"]

1. c4 Nf6 2. g3 e5 3. Bg2 c6 4. Nf3 d6 5. Nc3 Be7 6. O-O O-O 7. e4 Nbd7 8. d4 Re8 9. h3 Bf8 10. Be3 a6 11. d5 cxd5 12. cxd5 b5 13. Nd2 Nb6 14. a4 bxa4 15. Nxa4 Nxa4 16. Qxa4 Bd7 17. Qa3 Bb5 18. Rfc1 Rc8 19. Rc3 Be7 20. Rac1 Rxc3 21. bxc3 Qa8 22. c4 Bd7 23. Ra1 Bc8 24. Nb3 h6 25. Kh2 h5 26. f3 h4 27. g4 Nh7 28. Qa4 Rf8 29. Kh1 g6 30. Na5 Bg5 31. Qa3 Bxe3 32. Qxe3 Qb8 33. Qf2 g5 34. Nc6 Qb3 35. c5 Qc3 36. Qe1 Qxe1+ 37. Rxe1 dxc5 38. Nxe5 Nf6 39. Rc1 Nd7 40. Nc6 f6 41. Bf1 Kg7 42. Kg2 Bb7 43. Kf2 Ra8 44. Ne7 Kf8 45. Nf5 Bc8 46. Nd6 Ke7 47. Nf5+ Kd8 48. f4 Rb8 49. e5 Rb2+ 50. Ke1 fxe5 51. fxg5 Bb7 52. g6 Bxd5 53. g7 Ke8 54. Rd1 Bb3 55. Nd6+ Ke7 56. Nc4 Nf6 57. g5 Ng8 58. Nxb2 Bxd1 59. Bc4  1-0